000 01348nam2a22002051 4500
001 RU\NLR\A1\20575
005 20251203152403.2
035 _a(NLR Aleph) 009676032
090 _a13474770
_c13474770
100 _a19990630d1774 u y0rusy50 ca
101 1 _arus
_alat
_clat
200 1 _a[Еавтон-Тиморуменос или Человек, сам себя наказующий
_fПер. Фридрих Рихмани
_aАделфы или Братья
_fПер. Косма Флоринский]
210 _d1774
215 _a[2], 424 с.
461 1 _1001RU\NLR\A1\20573
_12000#$aКомедии Публия Терентия Африканскаго$eПереведенныя с латинскаго на российский язык.$eС приобщением подлинника$vТ.2
_1700#1$6z01700$6z02790$aТеренций$bП.$fок. 185-159$gПублий$4070
_1700#1$6z01700$7ba$aTerentius Afer$bP.$gPublius
_99682928
_aТеренций, П. (ок. 195-159 до н.э.)
_cСПб.
_d1773-1774
_nПри Имп. Акад. наук
_oПереведенныя с латинскаго на российский язык. : С приобщением подлинника
_tКомедии Публия Терентия Африканскаго
_vТ.2
801 0 _aRU
_bNLR
_c19990630
942 _cBOOK
980 _aA1XVIIIv
980 _aNB